Indian Polity: (Record no. 153472)
[ view plain ]
| 000 -LEADER | |
|---|---|
| fixed length control field | 00651nam a22002177a 4500 |
| 003 - CONTROL NUMBER IDENTIFIER | |
| control field | dpl |
| 005 - DATE AND TIME OF LATEST TRANSACTION | |
| control field | 20181130133341.0 |
| 008 - FIXED-LENGTH DATA ELEMENTS--GENERAL INFORMATION | |
| fixed length control field | 180705b xxu||||| |||| 00| 0 eng d |
| 010 ## - LIBRARY OF CONGRESS CONTROL NUMBER | |
| LC control number | B-126221, B-126222 |
| 020 ## - INTERNATIONAL STANDARD BOOK NUMBER | |
| International Standard Book Number | 8179301567 |
| 020 ## - INTERNATIONAL STANDARD BOOK NUMBER | |
| Terms of availability | 195.00 |
| 035 ## - SYSTEM CONTROL NUMBER | |
| System control number | B-126221, B-126222, B-126223 |
| 040 ## - CATALOGING SOURCE | |
| Transcribing agency | 0 |
| 082 ## - DEWEY DECIMAL CLASSIFICATION NUMBER | |
| Classification number | 320.954 |
| 100 ## - MAIN ENTRY--PERSONAL NAME | |
| Personal name | Laxmikanth, |
| 245 ## - TITLE STATEMENT | |
| Title | Indian Polity: |
| Remainder of title | A Concise Overview of the Indian Constitution and Political System / / |
| Statement of responsibility, etc | by M Laxmikanth |
| 260 ## - PUBLICATION, DISTRIBUTION, ETC. (IMPRINT) | |
| Place of publication, distribution, etc | New Delhi |
| Name of publisher, distributor, etc | Spectrum Books Pvt. Ltd. |
| 260 ## - PUBLICATION, DISTRIBUTION, ETC. (IMPRINT) | |
| Date of publication, distribution, etc | 1994 |
| 300 ## - PHYSICAL DESCRIPTION | |
| Extent | viii, 536p. |
| Dimensions | 24cm (HB) |
| 942 ## - ADDED ENTRY ELEMENTS (KOHA) | |
| Source of classification or shelving scheme | Dewey Decimal Classification |
| Koha item type | English Books |
| Classification part | 320.954 |
| Call number suffix | IND |
| Withdrawn status | Lost status | Source of classification or shelving scheme | Damaged status | Not for loan | Collection code | Home library | Current library | Date acquired | Source of acquisition | Cost, normal purchase price | Total Checkouts | Full call number | Barcode | Date last seen | Date checked out | Cost, replacement price | Price effective from | Koha item type | Total Renewals |
|---|---|---|---|---|---|---|---|---|---|---|---|---|---|---|---|---|---|---|---|
| Dewey Decimal Classification | Non-fiction | Shahdara Branch | Shahdara Branch | 05/07/2018 | BPPD/PUB | 195.00 | 1 | 320.954 IND | B-126221 | 20/07/2018 | 05/07/2018 | 195.00 | 05/07/2018 | English Books | |||||
| Dewey Decimal Classification | Non-fiction | Vigyan Vihar | Vigyan Vihar | 30/11/2018 | BPPD/PUB | 195.00 | 320.954 IND | B-126223 | 30/11/2018 | 195.00 | 30/11/2018 | English Books | |||||||
| Dewey Decimal Classification | Non-fiction | Yojana Vihar | Yojana Vihar | 08/11/2018 | BPPD/PUB | 195.00 | 1 | 320.954 IND | B-126222 | 27/07/2020 | 17/06/2020 | 195.00 | 08/11/2018 | English Books | 2 |
